How successful people lead : taking your influence to the next level.
| Main Author: | |
|---|---|
| Format: | Book |
| Published: |
New York:
Center Street,
2013.
|
| Subjects: |
| LEADER | 00474cam a2200157 7i4500 | ||
|---|---|---|---|
| 001 | 0000031654 | ||
| 005 | 20140902090000.0 | ||
| 020 | 0 | 0 | |a 9781599953625 |
| 090 | 0 | 0 | |a B 658.4092 |b MAX |
| 100 | 1 | 0 | |a Maxwell |
| 245 | 1 | 0 | |a How successful people lead : |b taking your influence to the next level. |
| 260 | 0 | 0 | |a New York: |b Center Street, |c 2013. |
| 300 | # | # | |a 148 p. |
| 650 | 0 | 0 | |a Leadership |
| 650 | 0 | 0 | |a Leadership -- |x Social aspects |
| 999 | |a B000034276 |b Book |c Book |e Business Information Centre | ||


